Rediseno del sistema nacional de salud : documento RSSC-7 : resultados y propuestas del grupo de estudio numero 11 "participacion de la comunidad", en los programas y actividades del sector salud (Registro nro. 98982)

Detalles MARC
001 - NÚMERO DE CONTROL
campo de control 219664
005 - FECHA Y HORA DE LA ÚLTIMA TRANSACCIÓN
campo de control 20260506082133.0
008 - DATOS DE LONGITUD FIJA--INFORMACIÓN GENERAL
campo de control de longitud fija 980702s1973 spa
035 ## - NÚMERO DE CONTROL DEL SISTEMA
Número de control de sistema 219664
035 ## - NÚMERO DE CONTROL DEL SISTEMA
Número de control de sistema (OCoLC)777703674
040 ## - FUENTE DE LA CATALOGACIÓN
Centro/agencia transcriptor comduadb
041 ## - CÓDIGO DE LENGUA
Código de lengua del texto/banda sonora o título independiente spa
080 ## - NÚMERO DE LA CLASIFICACIÓN DECIMAL UNIVERSAL
Número de la Clasificación Decimal Universal W
100 10 - ENTRADA PRINCIPAL--NOMBRE DE PERSONA
Nombre de persona Ramírez Duque, Hernán
Código de función aut
Término indicativo de función/relación Autor/a
9 (RLIN) 279168
245 10 - MENCIÓN DE TÍTULO
Título Rediseno del sistema nacional de salud : documento RSSC-7 : resultados y propuestas del grupo de estudio numero 11 "participacion de la comunidad", en los programas y actividades del sector salud
260 ## - PUBLICACIÓN, DISTRIBUCIÓN, ETC.
Lugar de publicación, distribución, etc. Bogotá,
Fecha de publicación, distribución, etc. 1973.
300 ## - DESCRIPCIÓN FÍSICA
Extensión 70 páginas
650 #7 - PUNTO DE ACCESO ADICIONAL DE MATERIA--TÉRMINO DE MATERIA
Término de materia o nombre geográfico como elemento de entrada Participación comunitaria
Fuente del encabezamiento o término lemb
9 (RLIN) 574
650 #7 - PUNTO DE ACCESO ADICIONAL DE MATERIA--TÉRMINO DE MATERIA
Término de materia o nombre geográfico como elemento de entrada Comunidad
Fuente del encabezamiento o término lemb
9 (RLIN) 380
650 #7 - PUNTO DE ACCESO ADICIONAL DE MATERIA--TÉRMINO DE MATERIA
Término de materia o nombre geográfico como elemento de entrada Desarrollo
Fuente del encabezamiento o término agrovoc
9 (RLIN) 25951
650 ## - PUNTO DE ACCESO ADICIONAL DE MATERIA--TÉRMINO DE MATERIA
Término de materia o nombre geográfico como elemento de entrada Sistema General de Seguridad Social en Salud
9 (RLIN) 22212
650 #7 - PUNTO DE ACCESO ADICIONAL DE MATERIA--TÉRMINO DE MATERIA
Término de materia o nombre geográfico como elemento de entrada Sociología rural
Fuente del encabezamiento o término lemb
9 (RLIN) 2277
651 #7 - PUNTO DE ACCESO ADICIONAL DE MATERIA--NOMBRE GEOGRÁFICO
Nombre geográfico Colombia
Fuente del encabezamiento o término embne
9 (RLIN) 870547
700 10 - ENTRADA AGREGADA--NOMBRE PERSONAL
Nombre de persona Vasco Uribe, Alberto
Fechas asociadas al nombre 1943-
Código de función aut
Término indicativo de función/relación Autor/a
9 (RLIN) 334423
942 ## - ELEMENTOS DE ENTRADA AGREGADA (KOHA)
Tipo de ítem Koha Libros
Existencias
Estado de retiro Estado de pérdida Estado dañado No para préstamo Código de colección Localización permanente Ubicación/localización actual Fecha de adquisición Fuente de adquisición Número de inventario Total de préstamos Signatura topográfica completa Código de barras Fecha visto por última vez Número de copia Precio válido a partir de Tipo de ítem Koha
        Memoria Institucional Biblioteca de Salud Pública, Campus Medellín Biblioteca de Salud Pública, Campus Medellín 02/07/1998 Material adquirido por donación C294643   W84 C6r-73 61000002355465 22/04/2023 1 22/04/2023 Libros - Reserva